000
00336nam a2200133Ia 4500
008
240624s9999 xx 000 0 und d
041
_a
eng
082
_a
300 KRU
100
_a
KRUGMAN PAUL
245
_a
COUNTRY IS NOT A COMPANY
260
_c
2009
_a
New Delhi
_b
Harvard Business Press
300
_a
53 : p. : cm. ; 16
365
_c
RS
_b
25
999
_c
23331
_d
23331